Trainee A - Membres par photo - Statistiques

Statistiques générales
  • Ce quiz a été pris 5 fois
  • Le résultat moyen est 7 sur 8
Statistiques - réponses
Par images Réponse % Correct
James
100%
Jihoon
100%
Leo
100%
Sangwon
100%
Woochan
100%
JJ
67%
Yorch
67%
Junil
33%
Aucun quiz correspondant
Distribution des résultats
% des personnes avec chaque résultat
Percentile par nombre de réponses
Votre historique - résultats
Vous n’avez pas pris ce quiz